| 000 | 00678nam a2200265Ia 4500 | ||
|---|---|---|---|
| 003 | OSt | ||
| 005 | 20221006144244.0 | ||
| 006 | a|||||r|||| 00| 0 | ||
| 007 | ta | ||
| 008 | 221006b |||||||| |||| 00| 0 eng d | ||
| 020 |
_c _25.50 |
||
| 024 | _a11,262 | ||
| 037 | _cTextual | ||
| 040 |
_aEASL _cEASL _beng |
||
| 041 |
_2eng _aeng |
||
| 082 | _aU.41, M4 | ||
| 100 |
_aCHUAMJUN Wu etc. _9651254 |
||
| 245 | 0 |
_aGeographical society in China _b Geography in China |
|
| 260 |
_aBeijing _bScience Press _c1984 |
||
| 300 |
_a222p. _ccm. |
||
| 490 | _v CEL | ||
| 650 | _aCEL | ||
| 942 |
_hU.41, M4 _cTEXL _2CC |
||
| 999 |
_c1079348 _d1079348 |
||